000 00298nam a22001337a 4500
008 170728b xxu||||| |||| 00| 0 eng d
020 _a9781578701681
041 _aeng
080 _a004
100 _a31
101 _aSHKI
245 _aVOICE OVER IP FUNDAMENTALS
_cDAVIDSON, J
942 _2udc
_cBK
999 _c22144
_d22144